Tribhuvan University Central Library

Socio-economic status of Gurunga women; a case study from Jutvikas Toles of Sunsari (Record no. 62827)

MARC details
000 -LEADER
fixed length control field 00496 a2200157 4500
041 ## - LANGUAGE CODE
Language code of text/sound track or separate title Eng.
082 ## - DEWEY DECIMAL CLASSIFICATION NUMBER
Classification number CD5023
100 ## - MAIN ENTRY--PERSONAL NAME
Personal name Gurung, Muna Maya
245 ## - TITLE STATEMENT
Title Socio-economic status of Gurunga women; a case study from Jutvikas Toles of Sunsari
260 ## - PUBLICATION, DISTRIBUTION, ETC. (IMPRINT)
Place of publication, distribution, etc Kathmandu
Date of publication, distribution, etc 2010
502 ## - DISSERTATION NOTE
Dissertation note Dissertation
Degree type Degree in Rural Development
Name of granting institution T. U.
650 ## - SUBJECT ADDED ENTRY--TOPICAL TERM
Topical term or geographic name as entry element Women
-- Economy
-- Education
-- Religion
-- Income
-- Land
653 ## - INDEX TERM--UNCONTROLLED
Uncontrolled term Rural development
654 ## -
-- Jutvikas Toles of Sunsari
942 ## - ADDED ENTRY ELEMENTS (KOHA)
Source of classification or shelving scheme Dewey Decimal Classification
Koha item type Audio Visual Materials
Holdings
Withdrawn status Lost status Source of classification or shelving scheme Damaged status Not for loan Home library Current library Date acquired Total Checkouts Full call number Barcode Date last seen Price effective from Koha item type
    Dewey Decimal Classification     Tribhuvan University Central Library Tribhuvan University Central Library 09/11/2014   CD5023 A4417 09/11/2014 09/11/2014 Audio Visual Materials